Four seasons for little people / (Record no. 9138)

MARC details
000 -LEADER
fixed length control field 01160cam a2200313 a 4500
001 - CONTROL NUMBER
control field 9138
003 - CONTROL NUMBER IDENTIFIER
control field FISKH
005 - DATE AND TIME OF LATEST TRANSACTION
control field 20251125103735.0
008 - FIXED-LENGTH DATA ELEMENTS--GENERAL INFORMATION
fixed length control field 990624s1998 ncua a 000 0 eng
010 ## - LIBRARY OF CONGRESS CONTROL NUMBER
LC control number 99220177
035 ## - SYSTEM CONTROL NUMBER
System control number 246169
040 ## - CATALOGING SOURCE
Original cataloging agency DLC
Transcribing agency DLC
Modifying agency DLC
Language of cataloging eng
050 00 - LIBRARY OF CONGRESS CALL NUMBER
Classification number QB637.4
Item number .B35 1998
082 00 - DEWEY DECIMAL CLASSIFICATION NUMBER
Classification number 508.2
Edition number 22
100 1# - MAIN ENTRY--PERSONAL NAME
Personal name Ballard, Jerry.
245 10 - TITLE STATEMENT
Title Four seasons for little people /
Statement of responsibility, etc. text by Jerry Ballard and Kimberly Ballard ; illustrations by Lynne Marie Davis ; special assistance from Greg Cherry ... [et al.].
260 ## - PUBLICATION, DISTRIBUTION, ETC.
Place of publication, distribution, etc. Gastonia :
Name of publisher, distributor, etc. Fidelity Associates,
Date of publication, distribution, etc. 1998.
300 ## - PHYSICAL DESCRIPTION
Extent 66 unnumbered pages :
Other physical details color illustrations ;
Dimensions 21 cm
505 ## - FORMATTED CONTENTS NOTE
Formatted contents note F<br/>
520 ## - SUMMARY, ETC.
Summary, etc. Describes the characteristics of the four seasons and their effect on the plant and animal life.
521 8# - TARGET AUDIENCE NOTE
Target audience note 300<br/>
Source Lexile estimate<br/>
521 8# - TARGET AUDIENCE NOTE
Target audience note F<br/>
Source Raz-Plus<br/>
650 #0 - SUBJECT ADDED ENTRY--TOPICAL TERM
Topical term or geographic name entry element Seasons
Form subdivision Juvenile literature.
650 #1 - SUBJECT ADDED ENTRY--TOPICAL TERM
Topical term or geographic name entry element Seasons.
655 #7 - INDEX TERM--GENRE/FORM
Genre/form data or focus term Literature.
Source of term lcgft
Authority record control number or standard number https://id.loc.gov/authorities/genreForms/gf2014026415
700 1# - ADDED ENTRY--PERSONAL NAME
Personal name Davis, Lynne Marie,
Relator term illustrator
906 ## - LOCAL DATA ELEMENT F, LDF (RLIN)
a 7
b cbc
c orignew
d 3
e ncip
f 19
g y-gencatlg
942 ## - ADDED ENTRY ELEMENTS (KOHA)
Source of classification or shelving scheme Dewey Decimal Classification
Koha item type Books
Suppress in OPAC No
Holdings
Withdrawn status Lost status Source of classification or shelving scheme Damaged status Not for loan Collection Home library Current library Shelving location Date acquired Total Checkouts Full call number Barcode Date last seen Copy number Price effective from Koha item type
    Dewey Decimal Classification     Non-Fiction Footprints International School Library Network Toul Tom Poung Campus Footprints International School Library Network Toul Tom Poung Campus TTP Primary Green Bookshelves 11/25/2025   BAL 508.2 QB637 .B35 FISBK06316 11/25/2025 1 11/25/2025 Books